| 000 | 01229nam a22002777a 4500 | ||
|---|---|---|---|
| 003 | OSt | ||
| 005 | 20220407103100.0 | ||
| 007 | ta | ||
| 008 | 210323b 2020 dr p 00| 0 eng d | ||
| 020 | _a9789945503890 | ||
| 040 |
_aDO-SdBNP _bspa _cBNPHU |
||
| 082 | 4 |
_aRD863.5 _bJ83r _222 |
|
| 100 | 1 |
_aJoseph, Yirbett, _d1992- _978229 |
|
| 245 | 1 | 0 |
_aRescoldos / _cYirbett Joseph. |
| 260 |
_aSanto Domingo : _bEdiciones Ferilibro, _c2020. |
||
| 300 |
_a68 p. ; _c21 cm. |
||
| 490 | 1 | _aNarrativa | |
| 500 | _aIncluye datos biográficos del autor en la solapa de la cubierta | ||
| 500 | _aCon el motivo de la 16ª Feria Regional del Libro Bahoruco 2020, el Ministerio de Cultura realizó, a través de la Dirección de las Ferias del Libro, una convocatoria de obas literarias inéditas para las provincias del Sur con la finalidad de publicarlas y, de esta manera, visibilizar las creaciones y los autores de esta región. Rescoldos, de Yirbett Joseph, fue una de las obras escogidas en dicha convocatoria. | ||
| 590 | _aInventariado, 2021 /LP | ||
| 650 | 4 | _aCuentos dominicanos | |
| 650 | 4 | _aLiteratura dominicana | |
| 830 | 0 |
_aNarrativa _911366 |
|
| 910 | _aLopérez/ Validado. Control de calidad MFF | ||
| 942 |
_2ddc _cLBS1 |
||
| 999 |
_c49657 _d49657 |
||